| 000 | 00792nam a2200229uu 4500 | ||
|---|---|---|---|
| 001 | 1096291 | ||
| 005 | 20260507084000.0 | ||
| 008 | 080806e19830806 spa | ||
| 035 | _a1096291 | ||
| 040 | _ccomduadb | ||
| 041 | _aspa | ||
| 080 | _aAV/ | ||
| 100 | 1 | 0 |
_aViviescas Monsalve, Fernando, _d1945- _4aut _0(isni)0000 0000 2945 367X _0(viaf)60691253 _eaut _9534714 |
| 245 | 1 | 3 | _aEl centro de Medellín y el ciudadano : notas aproximativas |
| 260 |
_aMedellín : _b[sin publicador], _c1983. |
||
| 300 | _a46 hojas | ||
| 650 |
_aCentro de la Ciudad - Medellín _914583 |
||
| 650 | 7 |
_aEspacio urbano _zMedellín (Antioquia, Colombia) _2lemb _935640 |
|
| 650 |
_aPlanificación urbana - Medellín (Antioquia, Colombia) _97965 |
||
| 650 |
_aGuayaquil (Medellin) _938082 |
||
| 942 | _cBOOK | ||
| 999 |
_c469559 _d469559 |
||